000 00329nam a2200121Ia 4500
005 20251222140046.0
008 251222s1900||||xx |||||||||||||| ||spa||
082 _a182/G23
100 _aGarcía Bacca, Juan D.
245 0 _aFragmentos Filosóficos de los Presocríticos
264 _bUniversidad Central de Venezuela
942 _cLIB
999 _c3431
_d3431